The Regs (Record no. 82250)

MARC details
000 -LEADER
fixed length control field 00801cam a22002055a 4500
001 - CONTROL NUMBER
control field L149678
008 - FIXED-LENGTH DATA ELEMENTS--GENERAL INFORMATION
fixed length control field 100407e2010 xxk 000 0 eng d
035 ## - SYSTEM CONTROL NUMBER
System control number (Sirsi) u149678
041 0# - LANGUAGE CODE
Language code of text/sound track or separate title eng
100 1# - MAIN ENTRY--PERSONAL NAME
Personal name Wilkinson, Geoff
245 04 - TITLE STATEMENT
Title The Regs
Remainder of title Geoff Wilkinson looks at the forthcoming introduction of Structural Eurocodes
260 ## - PUBLICATION, DISTRIBUTION, ETC.
Date of publication, distribution, etc. 2010
490 ## - SERIES STATEMENT
Series statement Architects Journal
Volume/sequential designation 231(10) 18 March 2010, 20(1)
520 ## - SUMMARY, ETC.
Summary, etc. From 1 April 2010 the national codes of practice for the design of buildings in the UK will be the Eurocodes. A brief overview of the use of British Standards up to 2013 when the Building Regulations will be updated.
590 ## - LOCAL NOTE (RLIN)
Local note KA
651 #4 - SUBJECT ADDED ENTRY--GEOGRAPHIC NAME
Geographic name United Kingdom
690 ## - LOCAL SUBJECT ADDED ENTRY--TOPICAL TERM (OCLC, RLIN)
Topical term or geographic name as entry element BUILT ENVIRONMENT-BUILDING STANDARDS
690 ## - LOCAL SUBJECT ADDED ENTRY--TOPICAL TERM (OCLC, RLIN)
Topical term or geographic name as entry element Building regulations
9 (RLIN) 6224
942 ## - ADDED ENTRY ELEMENTS (KOHA)
Suppress in OPAC 0
Holdings
Withdrawn status Lost status Source of classification or shelving scheme Damaged status Not for loan Home library Current library Shelving location Date acquired Total Checkouts Full call number Barcode Date last seen Copy number Price effective from Koha item type
    Dewey Decimal Classification     London London Journal article 07/04/2010   L149678 149678-1001 06/08/2019 1 06/08/2019 Journal article